| 000 | 00874nam a22002057a 4500 | ||
|---|---|---|---|
| 003 | UA-OsUOA | ||
| 001 | 40027 | ||
| 007 | ta | ||
| 008 | 20080526b un ||||| |||| 00| 0 ukr d | ||
| 090 |
_a050 _bМ75 |
||
| 942 | _cMG | ||
| 040 |
_aUA-OsUOA _bukr _cUA-OsUOA _dUA-OsUOA |
||
| 245 |
_aМолода Україна (Журнал української демократичної молоді) _b1970: ч. 179; 1972: ч. 206; 1974: ч. 225; 1988: ч. 377, 381; 1989: ч. 385, 387, 389; 1990: ч. 392-393; 1992: ч. 413; 1993: ч. 421, 422; 1994: ч. 423 (2 пр.), 425, 426; 1994: ч. 424 |
||
| 955 | _a4 | ||
| 041 | _aukr | ||
| 080 | _a050 | ||
| 260 | _aТоронто | ||
| 650 | 7 |
_a050 Серійні публікації. Періодика галузі, Організація та інші типи поєднання (співробітництва) _2UDC |
|
| 999 |
_c438552 _d438552 |
||